00501nam a2200145Ia 4500008004100000082000900041100005100050245003000101260005400131300000800185600005100193630003000244700005100274730003000325090711s9999 xx 000 0 und d b1774 aराजाध्यक्ष विजया aआधी....नंतर bडिंपल पब्लिकेशनc2001 a248 aराजाध्यक्ष विजया aआधी....नंतर aराजाध्यक्ष विजया aआधी....नंतर